| 000 | 00692 a2200241 4500 | ||
|---|---|---|---|
| 005 | 20260128110712.0 | ||
| 008 | 260127b |||||||| |||| 00| 0 eng d | ||
| 020 |
_a9783031179877 _c£ 169.99 |
||
| 040 | _aMAIN | ||
| 082 |
_a628.55 _bN462P |
||
| 100 | _aNewman, Lee, ed. | ||
| 245 | _aPhytoremediation: Management of environmental contaminants, V7 | ||
| 260 |
_bSpringer Nature _c2023 _aSwitzerland |
||
| 300 | _axxx, 609 | ||
| 650 | _aEnvironmental Engineering | ||
| 650 | _aControl of Pollution | ||
| 650 | _aBioremediation | ||
| 700 | _aAnsari, Abid Ali, ed. | ||
| 700 | _aGill, Sarvajeet Singh, ed. | ||
| 700 | _aNaeem, M, ed. | ||
| 700 | _aGill, Ritu, ed. | ||
| 942 | _cBK | ||
| 999 |
_c395362 _d395362 |
||